Answers Containing House Quiz 2 - Statistics

General Stats
  • This quiz has been taken 84 times
    83 since last reset
  • The average score is 10 of 20
Answer Stats
Hint Answer % Correct
TV show with Jesse, Joey, Danny, D.J., Stephanie and Michelle Full House
85%
Domestic feline House Cat
81%
Party with gifts for a new home Housewarming
78%
It guides ships Lighthouse
71%
Primitive latrine Outhouse
67%
Hugh Laurie role Dr. House
58%
Place you are sent when in trouble Dog House
56%
Address identifiers House numbers
51%
Work not contracted out of an organization In house
51%
Restaurant's specialty to cover salad House Dressing
49%
Cleaner of an abode Housekeeper
47%
Netflix series starring Kevin Spacey House of Cards
47%
Place on the water Houseboat
43%
Place to store sailing vessels Boat House
42%
Song by Madness or Crosby, Stills, Nash and Young Our House
38%
HGTV show House Hunters
32%
Hotel employee who investigates theft House Detective
28%
Place for prostitutes to work Cat House
26%
"Map" for construction House Plans
24%
"Paper Chase" actor John Houseman
15%
No matching quizzes found
Score Distribution
Percent of People with Each Score
Percentile by Number Answered
Your Score History
You have not taken this quiz since the last reset